Harry Potter Quote to Character - Statistics

General Stats
  • This quiz has been taken 227 times
  • The average score is 17 of 30
Answer Stats
Hint Answer % Correct
You’re saying it wrong. It’s leviOsa, not levioSA Hermione Granger
98%
Yer a wizard Harry Rubeus Hagrid
97%
Do not pity the dead, Harry. Pity the living, and, above all, those who live without love Albus Dumbledore
88%
Dobby has heard of your greatness, sir, but of your goodness, Dobby never knew Dobby
88%
Dobby is free Dobby
80%
We could all have been killed — or worse, expelled Hermione Granger
76%
Training for the ballet, Potter? Draco Malfoy
74%
I mean, it's sort of exciting, isn't it, breaking the rules? Hermione Granger
73%
Always Severus Snape
69%
I’ll be in my bedroom, making no noise and pretending I’m not there Harry Potter
67%
You’re just as sane as I am Luna Lovegood
67%
I've always wanted to use that spell Minerva McGonagall
67%
It does not do to dwell on dreams and forget to live Albus Dumbledore
62%
To the well-organized mind, death is but the next great adventure Albus Dumbledore
60%
Books! And cleverness! There are more important things — friendship and bravery Hermione Granger
59%
I don’t think you’re a waste of space Dudley Dursley
54%
What do I care how he looks? I am good-looking enough for both of us, I theenk! Fleur Delacour
53%
Celebrity is as celebrity does. Remember that Gilderoy Lockhart
53%
I’ve had enough trouble for a lifetime Harry Potter
47%
Ah, music. A magic beyond all we do here! Albus Dumbledore
42%
Accio Brain! Ron Weasley
42%
We’ve all got both light and dark inside us. What matters is the part we choose to act on. That’s who we really are Sirius Black
42%
It matters not what someone is born, but what they grow to be Albus Dumbledore
37%
The mind is not a book, to be opened at will and examined at leisure Severus Snape
35%
If you want to know what a man’s like, take a good look at how he treats his inferiors, not his equals Sirius Black
35%
Anything’s possible if you’ve got enough nerve Ginny Weasley
29%
It is impossible to manufacture or imitate love Horace Slughorn
28%
Twitchy little ferret, aren’t you, Malfoy? Hermione Granger
17%
Every human life is worth the same, and worth saving Kingsley Shacklebolt
17%
When in doubt, go to the library Ron Weasley
14%
No matching quizzes found
Score Distribution
Percent of People with Each Score
Percentile by Number Answered
Your Score History
You have not taken this quiz